Derechos humanos, desarrollo sustentable y medio ambiente. Apoyo a procesos de integración de la población migrante y o desplazada en Centroamerica. La Migración y los migrantes en Honduras /
Gorde:
| Egile nagusia: | |
|---|---|
| Egile korporatiboa: | , |
| Formatua: | Texto |
| Hizkuntza: | Spanish |
| Argitaratua: |
UNAH
|
| Gaiak: | |
| Etiketak: |
Etiketa erantsi
Etiketarik gabe, Izan zaitez lehena erregistro honi etiketa jartzen!
|
MARC
| LEADER | 00000 a a2200000 04500 | ||
|---|---|---|---|
| 001 | 28560 | ||
| 003 | cru IIS | ||
| 005 | 20230220084912.0 | ||
| 008 | 230220b |||||||| |||| 00| 0 spa d | ||
| 040 | |c cru IIS | ||
| 090 | |a 189100 | ||
| 100 | |a Cavallero Zeitún, Elsa Lily | ||
| 110 | |a Universidad Nacional Autónoma de Honduras | ||
| 245 | |a Derechos humanos, desarrollo sustentable y medio ambiente. Apoyo a procesos de integración de la población migrante y o desplazada en Centroamerica. La Migración y los migrantes en Honduras / |c Universidad Nacional Autónoma de Honduras | ||
| 260 | |a UNAH | ||
| 300 | |a 33 p |b **no definido** |b map. | ||
| 650 | |a MIGRACION | ||
| 650 | |a ESTADISTICAS DE MIGRACION | ||
| 650 | |a POLITICA MIGRATORIA | ||
| 650 | |a TRABAJO | ||
| 650 | |a DESASTRES | ||
| 650 | |a INSTITUCIONES DE AYUDA | ||
| 650 | |a GOBIERNO LOCAL | ||
| 710 | |a Centro de Recursos para el Desarrollo Sostenible de los Asentamientos Humanos en Centroamérica |a Fundación Arias para la Paz y el Progreso Humano | ||
| 942 | |2 ddc |c LI | ||
| 999 | |c 15936 |d 15936 | ||
